000 00654nam a2200205 i 4500
001 140929
003 ES-MaACL
005 20230906200201.0
007 t|
008 070918s1917 sp ||||1| spa d
245 0 0 _aYo acuso /
_cpor un alemán ; [advertencia de Antón Suter] ; prólogo de Miguel de Unamuno.
250 _a3ª ed.
260 _aValencia :
_bHijos de F. Vives Mora,
_c1917.
300 _aX, 308 p. ;
_c21 cm.
650 1 4 _aGuerra mundial, 1914-1918-
_xCausas y antecedentes.
_913216
700 1 _aSuter, Antón.
_9108874
700 1 _aUnamuno, Miguel de,
_d1864-1936
_9111982
852 _aES-MaACL
_jF-4285
999 _c140929
_d140929